Filme zusammensetzen #1 (Pulp Fiction) - Statistiken

Allgemein
  • Dieses Quiz wurde 30 mal gespielt
  • Das Durchschnittsergebnis liegt bei 55 aus 81
Antwortstatistiken
Frage Kachel Select % Korrekt
2. Szene Nein
92%
2. Szene Nein
92%
1. Szene Nein
88%
1. Szene Nein
88%
1. Szene Nein
88%
2. Szene Nein
88%
2. Szene Nein
88%
2. Szene Nein
88%
2. Szene Nein
88%
1. Szene Nein
85%
1. Szene Nein
85%
1. Szene Nein
85%
1. Szene Nein
81%
1. Szene Nein
81%
2. Szene Nein
81%
2. Szene Nein
81%
3. Szene Nein
81%
3. Szene Nein
81%
1. Szene Ja
77%
3. Szene Nein
77%
4. Szene Nein
77%
4. Szene Nein
77%
3. Szene Nein
73%
3. Szene Nein
73%
4. Szene Nein
73%
4. Szene Nein
73%
5. Szene Nein
73%
5. Szene Nein
73%
6. Szene Nein
73%
6. Szene Nein
73%
6. Szene Nein
73%
7. Szene Nein
73%
7. Szene Nein
73%
8. Szene Nein
73%
8. Szene Nein
73%
8. Szene Nein
73%
8. Szene Nein
73%
9. Szene Nein
73%
9. Szene Nein
73%
9. Szene Nein
73%
9. Szene Nein
73%
3. Szene Nein
69%
3. Szene Nein
69%
5. Szene Nein
69%
5. Szene Nein
69%
6. Szene Nein
69%
6. Szene Nein
69%
6. Szene Nein
69%
7. Szene Nein
69%
7. Szene Nein
69%
7. Szene Nein
69%
7. Szene Nein
69%
8. Szene Nein
69%
8. Szene Nein
69%
9. Szene Nein
69%
9. Szene Nein
69%
4. Szene Nein
65%
4. Szene Nein
65%
5. Szene Nein
65%
7. Szene Nein
65%
8. Szene Nein
65%
9. Szene Nein
65%
9. Szene Nein
65%
4. Szene Nein
62%
5. Szene Nein
62%
6. Szene Nein
62%
8. Szene Nein
62%
4. Szene Nein
58%
5. Szene Nein
58%
5. Szene Nein
58%
6. Szene Nein
58%
2. Szene Ja
54%
3. Szene Nein
50%
9. Szene Ja
50%
7. Szene Nein
46%
8. Szene Ja
46%
7. Szene Ja
23%
5. Szene Ja
15%
6. Szene Ja
15%
4. Szene Ja
12%
3. Szene Ja
8%
Keine übereinstimmenden Quizze gefunden
Verteilung der Resultate
Anzahl Personen mit jedem Resultat
Perzentil nach korrekt beantworteten Fragen
Ihre Resultats-Entwicklung
Sie haben dieses Quiz noch nicht gespielt